000 00303nam a22001337a 4500
008 170223b xxu||||| |||| 00| 0 eng d
020 _a9780813525167
041 _aeng
080 _a616.31
100 _a5
101 _aSHK
245 _aTHE MAKING OF THE UNBORN PATIENT
_cCASPER, M.J
942 _2udc
_cBK
999 _c6145
_d6145